[Event "Hessen-ch Gr-D 65th"]
[Site "Gladenbach"]
[Date "2011.04.23"]
[Round "4"]
[White "Hagenberg, Hans Joachim"]
[Black "Wachtel, Johann"]
[Result "0-1"]
[WhiteElo "1637"]
[BlackElo "1909"]
[PlyCount "64"]
[EventDate "2011.04.22"]
[EventType "swiss"]
[EventRounds "5"]
[EventCountry "GER"]
[SourceTitle "CBM 142 Extra"]
[Source "ChessBase"]
[SourceDate "2011.06.27"]
[SourceVersion "1"]
[SourceVersionDate "2011.06.27"]
[SourceQuality "1"]

1. d4 f5 2. Bg5 g6 3. Nc3 Bg7 4. e4 d6 5. Nf3 Nc6 6. Bc4 Nf6 7. Qe2 fxe4 8. Nxe4 Nxe4 9. Qxe4 Bf5 10. Qe3 Nb4 11. Bb3 Nxc2+ 12. Bxc2 Bxc2 13. Rc1 Bf5 14. 0-0 h6 15. Bh4 g5 16. Bxg5 hxg5 17. Qxg5 0-0 18. Rfe1 e6 19. Qg3 c6 20. Nh4 Qf6 21. Nxf5 Qxf5 22. Rcd1 Rae8 23. f3 Qf4 24. Qg6 Qf6 25. Qg3 e5 26. Re4 d5 27. Rg4 e4 28. Rg6 Qf7 29. Qg4 Re7 30. Rg5 exf3 31. Rf1 f2+ 32. Kh1 Re1 0-1

[Event "Hessen-ch Gr-D 65th"]
[Site "Gladenbach"]
[Date "2011.04.22"]
[Round "2"]
[White "Kalmann, Max"]
[Black "Wachtel, Johann"]
[Result "0-1"]
[WhiteElo "1521"]
[BlackElo "1909"]
[PlyCount "52"]
[EventDate "2011.04.22"]
[EventType "swiss"]
[EventRounds "5"]
[EventCountry "GER"]
[SourceTitle "CBM 142 Extra"]
[Source "ChessBase"]
[SourceDate "2011.06.27"]
[SourceVersion "1"]
[SourceVersionDate "2011.06.27"]
[SourceQuality "1"]

1. d4 f5 2. f4 g6 3. Nf3 Bg7 4. e3 Nf6 5. Bd3 b6 6. 0-0 e6 7. Nbd2 Bb7 8. Qe2 0-0 9. b3 d6 10. Ba3 Re8 11. c3 c5 12. c4 Nc6 13. dxc5 dxc5 14. Rad1 Qe7 15. Bb1 Rad8 16. Bb2 h6 17. Ne5 Nxe5 18. Bxe5 Ng4 19. Bxg7 Qxg7 20. Nf3 Rxd1 21. Rxd1 Qc3 22. Re1 Rd8 23. Qc2 Qb4 24. Re2 Be4 25. Qb2 Rd1+ 26. Re1 Qxe1+ 0-1

[Event "Hessen-ch Gr-C 64th"]
[Site "Bad Vilbel"]
[Date "2010.04.04"]
[Round "7"]
[White "Koculak, Eduard"]
[Black "Wachtel, Johann"]
[Result "1-0"]
[WhiteElo "1727"]
[BlackElo "1738"]
[PlyCount "87"]
[EventDate "2010.03.31"]
[EventType "swiss"]
[EventRounds "7"]
[EventCountry "GER"]
[SourceTitle "EXT 2011"]
[Source "ChessBase"]
[SourceDate "2010.11.26"]
[SourceVersion "1"]
[SourceVersionDate "2010.11.26"]
[SourceQuality "1"]

1. d4 f5 2. c4 g6 3. Nc3 Bg7 4. e4 d6 5. Nf3 c6 6. Be2 Nh6 7. 0-0 0-0 8. Re1 Qc7 9. d5 e5 10. Bd2 f4 11. b4 Bd7 12. Rc1 c5 13. Nb5 Bxb5 14. cxb5 b6 15. bxc5 bxc5 16. Ng5 Qe7 17. Ne6 Rc8 18. a4 Nd7 19. Qb3 g5 20. h3 Rab8 21. a5 Nf6 22. f3 Nh5 23. Nxc5 Ng3 24. Ne6 Rxc1 25. Bxc1 Rc8 26. Bd2 g4 27. fxg4 Nxe4 28. Rd1 Ng3 29. Bf1 Bf6 30. Rc1 Qb7 31. Rxc8+ Qxc8 32. Qc4 Qa8 33. Qc6 Qb8 34. Bb4 Be7 35. b6 axb6 36. axb6 Kf7 37. Qc7 Qa8 38. Bxd6 Ng8 39. Bxe7 Nxe7 40. d6 Kxe6 41. Qxe7+ Kd5 42. d7 Qa1 43. d8Q+ Ke4 44. Qd3# 1-0

[Event "Hessen-ch Gr-C 64th"]
[Site "Bad Vilbel"]
[Date "2010.04.02"]
[Round "4"]
[White "Wachtel, Johann"]
[Black "Minor, Dieter"]
[Result "1-0"]
[WhiteElo "1738"]
[BlackElo "1888"]
[PlyCount "112"]
[EventDate "2010.03.31"]
[EventType "swiss"]
[EventRounds "7"]
[EventCountry "GER"]
[SourceTitle "EXT 2011"]
[Source "ChessBase"]
[SourceDate "2010.11.26"]
[SourceVersion "1"]
[SourceVersionDate "2010.11.26"]
[SourceQuality "1"]

1. e4 e6 2. f4 b6 3. Nf3 Bb7 4. d3 c5 5. Be2 Nc6 6. c3 Qc7 7. 0-0 e5 8. fxe5 Nxe5 9. Nxe5 Qxe5 10. Bf4 Qe7 11. Nd2 g6 12. Nc4 Qd8 13. Qb3 d5 14. Ne5 f6 15. Qb5+ Ke7 16. Bg4 a6 17. Nc6+ Bxc6 18. Qxc6 Kf7 19. Be6+ Kg7 20. Bxd5 Ra7 21. Qe6 Re7 22. Qh3 Ra7 23. c4 Bd6 24. Qe6 Bxf4 25. Rxf4 Re7 26. Qh3 g5 27. Rf2 h5 28. Raf1 Rh6 29. Rf5 Re8 30. Qg3 Rg6 31. h3 h4 32. Qe1 Nh6 33. R5f2 Qd6 34. Re2 Qe5 35. Qc3 Qd6 36. Qe1 Qe5 37. Rd2 f5 38. Qf2 f4 39. d4 cxd4 40. Qxd4 Rf6 41. b4 Qd6 42. c5 bxc5 43. bxc5 Qc7 44. Re2 g4 45. Rb2 Rb8 46. Rfb1 Rxb2 47. Rxb2 Qa5 48. Qb4 Qd8 49. Qc3 f3 50. Rb7+ Kg6 51. Qd3 Qa5 52. e5+ Nf5 53. Rb1 Qxc5+ 54. Kh2 Rb6 55. Rxb6+ Qxb6 56. hxg4 fxg2 1-0